100+ goals in Eredivisie - Statistics

General Stats
  • This quiz has been taken 15 times
  • The average score is 8 of 64
Answer Stats
Goals Nationality Main club First-Last Answer % Correct
192 Dutch PSV 2008-2025 Luuk de Jong
92%
126 Dutch Feyenoord 1970-1984 Theo de Jong
85%
215 Dutch Ajax 1964-1984 Johan Cruyff
69%
119 Serbian Ajax 2010-2023 Dušan Tadić
54%
154 Dutch Ajax 2002-2021 Klaas-Jan Huntelaar
54%
102 Dutch Ajax 1986-1993 Dennis Bergkamp
31%
153 Dutch Feyenoord 1998-2017 Dirk Kuyt
31%
112 Danish Feyenoord 1994-2010 Jon Dahl Tomasson
31%
126 Dutch Feyenoord 1966-1983 Willem van Hanegem
31%
212 Dutch AZ 1972-1985 Kees Kist
23%
110 Belgian PSV 1994-2000 Luc Nilis
23%
105 Serbian PSV 2000-2004 Mateja Kežman
23%
129 Swedish Feyenoord 1966-1971 Ove Kindvall
23%
175 Dutch Ajax 1956-1973 Sjaak Swart
23%
311 Dutch PSV 1964-1982 Willy van der Kuijlen
23%
117 Dutch Vitesse 2010-2025 Bryan Linssen
15%
105 Danish AZ 1997-2010 Kenneth Pérez
15%
116 Ghanaian Vitesse 1998-2014 Matthew Amoah
15%
125 Dutch Feyenoord 1993-2007 Pierre van Hooijdonk
15%
119 Dutch PSV 1970-1983 René van de Kerkhof
15%
126 Dutch PSV 1980-1997 Ronald Koeman
15%
116 Dutch Feyenoord 2010-2025 Steven Berghuis
15%
100 Dutch PSV 1993-2011 Arnold Bruggink
8%
114 Swiss FC Twente 2003-2010 Blaise N'Kufo
8%
120 Dutch PSV 1956-1961 Coen Dillen
8%
162 Dutch Feyenoord 1956-1963 Cor van der Gijp
8%
118 Dutch Roda JC 1974-1986 Dick Nanninga
8%
196 Dutch Ajax 1959-1969 Henk Groot
8%
134 Dutch PSV 1996-2012 Jan Vennegoor of Hesselink
8%
104 Dutch FC Utrecht 1983-1998 John van Loen
8%
121 Dutch Ajax 1961-1972 Klaas Nuninga
8%
128 Dutch Ajax 1982-1987 Marco van Basten
8%
127 Dutch Roda JC 1979-1995 Martin van Geel
8%
146 Dutch Ajax 1961-1974 Piet Keizer
8%
265 Dutch Ajax 1966-1983 Ruud Geels
8%
158 Dutch PSV 1980-1994 Wim Kieft
8%
106 Dutch Feyenoord 1981-1994 André Hoekstra
0%
105 Dutch ADO Den Haag 1957-1963 Carol Schuurman
0%
134 Dutch Go Ahead Eagles 1972-1984 Cees van Kooten
0%
103 Dutch MVV 1956-1969 Chris Coenen
0%
109 Dutch Ajax 1967-1972 Dick van Dijk
0%
105 Dutch MVV 1956-1964 Frans Rutten
0%
124 Dutch Ajax 1980-1997 Gerald Vanenburg
0%
152 Norwegian PSV 1976-1987 Hallvar Thoresen
0%
102 Dutch FC Den Bosch 1983-1997 Hans Gillhaus
0%
102 Dutch PSV 1969-1984 Harry Lubse
0%
152 Dutch Sparta Rotterdam 1961-1979 Henk Bosveld
0%
113 Dutch FC Utrecht 1963-1976 Henk Wery
0%
111 Dutch FC Groningen 1984-1996 Henny Meijer
0%
109 Dutch NAC Breda 1959-1971 Jacques Visschers
0%
101 Dutch FC Twente 1966-1977 Jan Jeuring
0%
146 Dutch Ajax 1983-2002 John Bosman
0%
103 Danish Roda JC 1979-1986 John Eriksen
0%
114 Dutch NAC Breda 1956-1963 Leo Canjels
0%
174 Dutch FC Utrecht 1965-1984 Leo van Veen
0%
144 Dutch ADO Den Haag 1966-1982 Lex Schoenmaker
0%
180 Dutch Feyenoord 1978-1992 Peter Houtman
0%
126 Dutch HFC Haarlem 1981-1995 Piet Keur
0%
133 Dutch Feyenoord 1957-1968 Piet Kruiver
0%
100 Dutch RKC Waalwijk 1998-2009 Rick Hoogendorp
0%
102 Dutch Sparta Rotterdam 1979-1989 Ronald Lengkeek
0%
104 Luxembourger Fortuna '54 1959-1968 Spitz Kohn
0%
208 Dutch DOS 1956-1967 Tonny van der Linden
0%
146 Dutch MVV 1964-1976 Willy Brokamp
0%
No matching quizzes found
Score Distribution
Percent of People with Each Score
Percentile by Number Answered
Your Score History
You have not taken this quiz